Normal view
MARC view
Entry Personal Name
001 - CONTROL NUMBER
- control field: 872237
003 - CONTROL NUMBER IDENTIFIER
- control field: OSt
005 - DATE AND TIME OF LATEST TRANSACTION
- control field: 20260114185619.0
008 - FIXED-LENGTH DATA ELEMENTS
- fixed length control field: 260114|| aca||aabn | a|a d
040 ## - CATALOGING SOURCE
- Original cataloging agency: OSt
- Transcribing agency: OSt
100 ## - HEADING--PERSONAL NAME
- Personal name: Vincent Trott
670 ## - SOURCE DATA FOUND
- Source citation: Work cat.: (OSt)1471185: Vincent Trott, Publishers, Readers and the Great War Literature and Memory since 1918, 2017
